000 00922nam a2200241Ia 4500
008 240619s9999 xx 000 0 und d
020 _a978-99973-1-840-4
035 _a7317
040 _aGS0142000
_bmon
_cMN-UlNLM
_dMN-UlNLM
_erda
041 _amon
042 _a12511
084 _2NNA
_a82.3
_bН-282
100 _aНанжид Б. Гантулга Б.
245 0 _aНар Сар Рах
264 _aУлаанбаатар
_bМон судар ХХК
_c2020
300 _a31х.
336 _2rdacontent
_atext
_btxt
337 _2rdamedia
_aunmediated
_bn
338 _2rdacarrier
_avolume
_bnc
650 _aХүмүүсийн муу муухай сэтгэлээс нэгэн мангас үүсжээ. Ховдог тэр мангас хамаг бүхнийг залгих болов. Хэчнээн ихийг идсэн ч цүдгэр г...
942 _2NNA
_cBK
999 _c901962
_d902019